Normal view
MARC view
- BOOTH, CRISTOPHER.J , KURPIS, G.P
Entry Personal Name
001 - CONTROL NUMBER
- control field: 67398
003 - CONTROL NUMBER IDENTIFIER
- control field: NUST
005 - DATE AND TIME OF LATEST TRANSACTION
- control field: 20210628203818.0
008 - FIXED-LENGTH DATA ELEMENTS
- fixed length control field: 210628|| aca||aabn | a|a d
040 ## - CATALOGING SOURCE
- Original cataloging agency: NUST
- Transcribing agency: NUST
100 ## - HEADING--PERSONAL NAME
- Personal name: BOOTH, CRISTOPHER.J , KURPIS, G.P
670 ## - SOURCE DATA FOUND
- Source citation: Work cat.: (NUST): BOOTH, CRISTOPHER.J , KURPIS, G.P, THE NEW IEEE STANDARD DICTIONARY OF ELECTRICAL, ELECTRONICS AND COMPUTER TERMS , INCLUDING ABSTRACTS OF ALL CURRENT IEEE STANDARDS, 1994
